000 00808aaa a2200229 4500
001 13967
003 BD-JhCC
005 20240519171923.0
008 171002s2005 bg |||| ||a| 001 0 ben d
020 _a9960732231
035 _a(BD-JhCC)13967
040 _aBD-JhCC
_dBD-JhCC
041 _aBengali
082 _a297.09
_bPOB 2005
245 _aপবিত্র মক্কার ইতিহাস /
_bসম্পা: শায়েখ সফীউর রহমান মুবারকপুরী।
260 _aঢাকা :
_b দারুস সালাম;
_c2005.
300 _a192 p. :
_c2 cm.
650 _aIslamic history and tradition
700 _a মুবারকপুরী ,শায়েখ সফীউর রহমান
942 _2ddc
_cBK
999 _c13967
_d13967